Obras poéticas de Espronceda, precedidas de la biografía del autor
Spremljeno u:
| Glavni autori: | , |
|---|---|
| Format: | Knjiga |
| Jezik: | španjolski |
| Izdano: |
Buenos Aires
J. Montero
1940
|
| Teme: | |
| Oznake: |
Dodaj oznaku
Bez oznaka, Budi prvi tko označuje ovaj zapis!
|
MARC
| LEADER | 00000nam a2200000 a 4500 | ||
|---|---|---|---|
| 001 | UCH0693 | ||
| 003 | CL-VaPUC | ||
| 008 | 090320e19400000AG |||||||||||||||||spa|d | ||
| 082 | 0 | 4 | |a 861 |b ESP |2 21 |
| 100 | 0 | |a Espronceda, José de |e author |9 321870 | |
| 700 | 0 | |a Gómez Soler, D. F |e author |9 534954 | |
| 245 | 1 | 0 | |a Obras poéticas de Espronceda, precedidas de la biografía del autor |
| 300 | |a 318 p | ||
| 942 | |c BK | ||
| 945 | |d 20090320 00:00:00 |a cmena | ||
| 260 | |a Buenos Aires |b J. Montero |c 1940 | ||
| 650 | 0 | |a Poesías españolas |9 265100 | |
| 650 | 0 | |a Literatura española |9 306261 | |
| 583 | |a last modification |c 20130401 07:05:39 |k Rodrigo Vera | ||
| 999 | |c 332947 |d 332945 | ||
| 952 | |0 0 |1 0 |4 0 |6 861_000000000000000_ESP_1940 |7 0 |8 A |9 421022 |a BIBEDU |b BIBEDU |d 2019-11-22 |i 4520408 |o 861 ESP 1940 |p 4520408 |r 2019-11-22 |w 2019-11-22 |y BK |k LIT | ||